Contrato de crédito bancário / (Record no. 687)
[ view plain ]
| 000 -LÍDER | |
|---|---|
| Campo Fixo de Controle | 00782nam a2200253 a 4500 |
| 001 - NÚMERO DE CONTROLE | |
| Campo de Controle | 687 |
| 003 - IDENTIFICAÇÃO DO NÚMERO DE CONTROLE | |
| Campo de Controle | BR-CuiBMT |
| 005 - DATA E HORA DA ÚLTIMA ATUALIZAÇÃO | |
| Campo de Controle | 20231113204108.0 |
| 008 - DADOS FIXOS | |
| Dados Fixos | 231113s1999 spb 000 0 por d |
| 020 ## - INTERNATIONAL STANDARD BOOK NUMBER | |
| Nº do ISBN | 8520317421 |
| 040 ## - AGÊNCIA CATALOGADORA | |
| Código da Agência Catalogadora | BR-CuiBMT |
| Agência que transcreveu o registro | BR-CuiBMT |
| 080 ## - Nº DA CLASSIFICAÇÃO DECIMAL UNIVERSAL | |
| Nº edição CDU | 2007 |
| Nº Class. CDU | 347.734 |
| 090 ## - NÚMERO DE CHAMADA | |
| Nº classificação | 347.734 |
| Cutter | R627c |
| Ano/Edição | 4. ed. |
| 100 1# - ENTRADA PRINCIPAL -- AUTOR PESSOAL | |
| Nome pessoal | Rizzardo, Arnaldo, |
| Datas associadas ao nome | 1942- |
| 245 ## - TÍTULO PRINCIPAL | |
| Título principal | Contrato de crédito bancário / |
| Indicação de responsabilidade | Arnaldo Rizzardo ; cálculos revisados pelo economista Álvaro Gilberto Haas. |
| 250 ## - EDIÇÃO | |
| Edição | 4. ed. rev., atual e ampl. |
| 260 ## - PUBLICAÇÃO, DISTRIBUIÇÃO, ETC. | |
| Local de publicação | São Paulo : |
| Editora | Revista dos tribunais, |
| Data | 1999. |
| 300 ## - DESCRIÇÃO FÍSICA | |
| N. páginas ou volumes | 366 p.: |
| Dimensões | 21 cm |
| 504 ## - NOTA DE BIBLIOGRAFIA, ETC. | |
| Nota de bibliografia | Inclui bibliografia. |
| 650 ## - ASSUNTO TÓPICO | |
| Cabeçalho tópico ou nome geográfico | Direito bancário |
| 650 ## - ASSUNTO TÓPICO | |
| Cabeçalho tópico ou nome geográfico | Empréstimos bancários |
| 650 ## - ASSUNTO TÓPICO | |
| Cabeçalho tópico ou nome geográfico | Operações bancárias |
| 942 ## - ELEMENTOS DE ENTRADA ADICIONAIS (KOHA) | |
| Fonte de classificação ou esquema de arquivamento | Classificação Decimal Universal |
| Tipo de item do Koha | Livros |
| Estado: removido | Estado: perdido | Fonte de classificação ou esquema de arquivamento | Estado: danificado | Indisponível para empréstimo | Localização permanente | Localização atual | Data de aquisição | Total Checkouts | Número de Chamada completo | Código de barras | Date last seen | Número do exemplar | Preço efetivo a partir de | Tipo de item (Koha) |
|---|---|---|---|---|---|---|---|---|---|---|---|---|---|---|
| Classificação Decimal Universal | Biblioteca da Escola Superior de Contas do TCE/MT | Biblioteca da Escola Superior de Contas do TCE/MT | 13/11/2023 | 347.734 R627c | BIBTCEMT23110531 | 13/11/2023 | Ex. 1 | 13/11/2023 | Livros |